| 000 | 01483nam0a2200289 4500 | ||
|---|---|---|---|
| 001 | RU\NLR\bibl\15847 | ||
| 005 | 20260407023722.0 | ||
| 021 |
_aRU _b98-34889 _91654 |
||
| 035 | _a(NLR Aleph) 000015477 | ||
| 090 |
_a64041 _c64041 |
||
| 100 | _a19990312d1997 |||y0rusy50 ca | ||
| 101 | 0 | _arus | |
| 102 | _aRU | ||
| 105 | _a||||||||||||| | ||
| 200 | 1 |
_aЯзвенная болезнь желудка и 12-перстной кишки _eТактика ведения больных и воен.-врачеб. экспертиза _eМетод. рекомендации _fМ-во внутр. дел России. Мед. упр. _g[Сост. к.м.н. Питеновым В.А., проф., д.м.н. Войновским Е.А.] |
|
| 210 |
_aМ. _cБ. и. _d1997 |
||
| 215 |
_a17 с. _d20 |
||
| 606 | 0 |
_aЯзвенная болезнь _jМетодические пособия _xТерапия _9958847 _3RU\NLR\auth\6638834 |
|
| 606 | 0 |
_aВоенно-врачебная экспертиза _jМетодические пособия _yРоссийская Федерация _92074096 _3RU\NLR\auth\661249066 |
|
| 686 | _aР413.204.6-5я8 | ||
| 686 | _aЦ7,6(2Р)622.2я8 | ||
| 712 | 0 | 1 |
_4570 _aРоссийская Федерация _bМинистерство внутренних дел _bМедицинское управление _3RU\NLR\AUTH\8810009174 _9516059 |
| 801 | 0 |
_aRU _bNLR _c19990312 _gPSBO |
|
| 801 | 1 |
_aRU _bNLR _c19990312 |
|
| 852 |
_aNLR _j98-4/13885 |
||
| 942 | _cBOOK | ||
| 980 | _aNB | ||